Mentes educadas: cultura, instrumentos cognitivos y formas de comprensión

Guardat en:
Dades bibliogràfiques
Autor principal: Egan, Kieran (Autor)
Format: Llibre
Idioma:espanyol
Publicat: Barcelona Paidós Ibérica 2000
Edició:1a. ed
Col·lecció:Temas de Educación, 50
Matèries:
Etiquetes: Afegir etiqueta
Sense etiquetes, Sigues el primer a etiquetar aquest registre!

MARC

LEADER 00000nam a2200000 a 4500
001 UCJ2181
003 CL-VaPUC
008 061201e20000000SP |||||||||||||||||spa|d
020 |a 8449308267 
082 0 4 |a 370.15  |b EGA  |2 21 
100 0 |a Egan, Kieran  |e author  |9 503096 
245 1 0 |a Mentes educadas: cultura, instrumentos cognitivos y formas de comprensión 
250 |a 1a. ed 
300 |a 400 p 
942 |c BK 
945 |d 20061201 00:00:00  |a cmena 
260 |a Barcelona  |b Paidós Ibérica  |c 2000 
650 0 |a Psicología educacional   |9 307830 
650 0 |a Cognición   |9 270347 
650 0 |a Planificación del currículo  |9 269599 
650 0 |a Métodos de enseñanza  |9 270413 
650 0 |a Filosofía de la educación   |9 258384 
583 |a last modification  |c 20061201 00:00:00  |k Rodrigo Vera 
490 0 |a Temas de Educación, 50 
999 |c 318531  |d 318529 
952 |0 0  |1 0  |4 0  |6 370_150000000000000_EGA_2000  |7 0  |8 A  |9 396367  |a BIBEDU  |b BIBEDU  |d 2019-11-22  |i 4303652  |o 370.15 EGA 2000  |p 4303652  |r 2019-11-22  |w 2019-11-22  |y BK  |k EBA